000
00182nam a2200109Ia 4500
100
_a
#N/A
942
_c
BK
245
_a
Flash 8
260
_b
#N/A
546
_a
ENGLISH
999
_c
28434
_d
28434